Catálogo público

Residuos de plaguicidas en los alimentos-1986 / (Record no. 200743)

MARC details
000 -CABECERA
campo de control de longitud fija 00951nam a2200301Ia 4500
001 - NÚMERO DE CONTROL
campo de control Para_2129
003 - IDENTIFICADOR DEL NÚMERO DE CONTROL
campo de control CHAP
008 - DATOS DE LONGITUD FIJA--INFORMACIÓN GENERAL
campo de control de longitud fija 220125s1986 xx 000 0 und d
010 ## - NÚMERO DE CONTROL DE LA BIBLIOTECA DEL CONGRESO
Número de control de LC 200743
040 ## - FUENTE DE LA CATALOGACIÓN
Centro/agencia transcriptor CHAP
082 ## - NÚMERO DE LA CLASIFICACIÓN DECIMAL DEWEY
Número de clasificación PA 632.95042 F3y
110 ## - ENTRADA PRINCIPAL--NOMBRE DE ENTIDAD CORPORATIVA
Nombre de entidad corporativa o nombre de jurisdicción como elemento de entrada FAO
9 (RLIN) 39428
245 ## - MENCIÓN DE TÍTULO
Título Residuos de plaguicidas en los alimentos-1986 /
Mención de responsabilidad, etc. by FAO
260 ## - PUBLICACIÓN, DISTRIBUCIÓN, ETC.
Lugar de publicación, distribución, etc. Roma :
Nombre del editor, distribuidor, etc. La organización
300 ## - DESCRIPCIÓN FÍSICA
Extensión v.
440 ## - MENCIÓN DE SERIE/PUNTO DE ACCESO ADICIONAL--TÍTULO
Título Estudio FAO producción y protección vegetal
9 (RLIN) 38505
500 ## - NOTA GENERAL
Nota general La biblioteca tiene: Nos. 68(1985), 77(1986), 46(1982)
650 ## - PUNTO DE ACCESO ADICIONAL DE MATERIA--TÉRMINO DE MATERIA
Término de materia o nombre geográfico como elemento de entrada Alimentos
Subdivisión general contaminación por pesticidas
9 (RLIN) 4208
650 ## - PUNTO DE ACCESO ADICIONAL DE MATERIA--TÉRMINO DE MATERIA
Término de materia o nombre geográfico como elemento de entrada Pesticidas
Subdivisión general residuos
9 (RLIN) 87570
710 ## - PUNTO DE ACCESO ADICIONAL--NOMBRE DE ENTIDAD CORPORATIVA
Nombre de entidad corporativa o nombre de jurisdicción como elemento de entrada Organización de las Naciones Unidas; para la agricultura y la alimentación
9 (RLIN) 147757
901 ## - ELEMENTOS DE DATOS A LOCAL LDA (RLIN)
a PA 632.95042 F3Y
902 ## - ELEMENTOS DE DATOS B LOCAL, LDB (RLIN)
a A
905 ## - ELEMENTOS DE DATOS E LOCAL, LDE (RLIN)
a 0000001986 0000000000 00
910 ## - DATOS DE OPCIÓN DEL USUARIO (OCLC)
Datos de opción del usuario 1986
942 ## - ELEMENTOS DE PUNTO DE ACCESO ADICIONAL (KOHA)
Tipo de ítem Koha Parasitologia_
942 ## - ELEMENTOS DE PUNTO DE ACCESO ADICIONAL (KOHA)
Tipo de ítem Koha Parasitologia_
-- 1
Holdings
Estado de retiro Estado de pérdida Fuente del sistema de clasificación o colocación Estado dañado No para préstamo Código de colección Localización permanente Ubicación/localización actual Fecha de adquisición Número de inventario Total de préstamos Signatura topográfica completa Código de barras Fecha visto por última vez Número de copia Precio válido a partir de Tipo de ítem Koha Nota pública Restricciones de uso
    Dewey Decimal Classification     General Parasitologia Agricola Parasitologia Agricola 27/10/2005 (PA_5720) (No. UACh 174764)   PA 632.95042 F3y 1991 4102002905 25/01/2022 Ej.1 25/01/2022 Libro 3  
    Dewey Decimal Classification     General Parasitologia Agricola Parasitologia Agricola 27/10/2005 (PA_7838) (No. UACh C/E)   PA 632.95042 F3y 1985 4102002906 25/01/2022 Ej.1 25/01/2022 Libro 3 Préstamo 3 días
    Dewey Decimal Classification     General Parasitologia Agricola Parasitologia Agricola 27/10/2005 (PA_5718) (No. UACh 140065)   PA 632.95042 F3y 1986 4102002903 25/01/2022 Ej.1 25/01/2022 Libro 3 Préstamo 3 días
    Dewey Decimal Classification     General Parasitologia Agricola Parasitologia Agricola 27/10/2005 (PA_5719) (No. UACh C/E)   PA 632.95042 F3y 1987 4102002904 25/01/2022 Ej.1 25/01/2022 Libro 3